000 00551nam a22001697a 4500
008 150421b xxu||||| |||| 00| 0 eng d
020 _a902770404
050 _aQ174.B47 1973
100 _aBunge, Mario (ed.)
_917427
245 _aThe Methodological unity of science
_c/by Mario, Bunge
260 _aBoston
_bReidel
_c1973
300 _aviii,264p. ;
_c23cm.
440 _aTheory and design library
_917428
650 _aScience
_xPhilosophy
_xCongresses
_914223
650 _aScience
_xMethodology
_xCongresses
_917429
942 _2lcc
_cMONOGRAPH
999 _c122735
_d122735